Effective communication : (Record no. 677)

000 -LEADER
fixed length control field 02029cam a2200385 a 4500
003 - CONTROL NUMBER IDENTIFIER
control field OSt
005 - DATE AND TIME OF LATEST TRANSACTION
control field 20210621070410.0
008 - FIXED-LENGTH DATA ELEMENTS--GENERAL INFORMATION
fixed length control field 090622s2009 enka 001 0 eng
015 ## - NATIONAL BIBLIOGRAPHY NUMBER
National bibliography number GBA961666
Source bnb
016 7# - NATIONAL BIBLIOGRAPHIC AGENCY CONTROL NUMBER
Record control number 015296592
Source Uk
020 ## - INTERNATIONAL STANDARD BOOK NUMBER
International Standard Book Number 9780330504263 (pbk.)
020 ## - INTERNATIONAL STANDARD BOOK NUMBER
International Standard Book Number 0330504266 (pbk.)
029 1# - OTHER SYSTEM CONTROL NUMBER (OCLC)
OCLC library identifier BWK
System control number L7827403
029 1# - OTHER SYSTEM CONTROL NUMBER (OCLC)
OCLC library identifier AU@
System control number 000044854047
035 ## - SYSTEM CONTROL NUMBER
System control number 3500857
035 ## - SYSTEM CONTROL NUMBER
System control number ocn416251355
035 ## - SYSTEM CONTROL NUMBER
System control number (OCoLC)416251355
040 ## - CATALOGING SOURCE
Original cataloging agency UKM
Transcribing agency UKM
Modifying agency BWKUK
-- BWK
-- YDXCP
-- OrLoB-B
049 ## - LOCAL HOLDINGS (OCLC)
Holding library JHEE
050 #4 - LIBRARY OF CONGRESS CALL NUMBER
Classification number HD30.3
Item number .A33 2009
082 04 - DEWEY DECIMAL CLASSIFICATION NUMBER
Classification number 658.45
Edition number 22
100 1# - MAIN ENTRY--PERSONAL NAME
Personal name Adair, John Eric,
Dates associated with a name 1934-
245 10 - TITLE STATEMENT
Title Effective communication :
Remainder of title the most important management skill of all /
Statement of responsibility, etc. John Adair.
250 ## - EDITION STATEMENT
Edition statement Rev. ed.
260 ## - PUBLICATION, DISTRIBUTION, ETC.
Place of publication, distribution, etc. London :
Name of publisher, distributor, etc. Pan,
Date of publication, distribution, etc. 2009.
300 ## - PHYSICAL DESCRIPTION
Extent x, 223 p. :
Other physical details ill. ;
Dimensions 20 cm.
500 ## - GENERAL NOTE
General note Previous ed.: London: Pan, 1997.
500 ## - GENERAL NOTE
General note Includes index.
505 00 - FORMATTED CONTENTS NOTE
Miscellaneous information Pt. 1.
Title Understanding Communication --
Miscellaneous information 1.
Title nature of communication --
Miscellaneous information 2.
Title communication Star --
Miscellaneous information 3.
Title Case study: the fatal order --
Miscellaneous information Pt. 2.
Title Communication Skills --
Miscellaneous information 4.
Title Effective speaking --
Miscellaneous information 5.
Title art of listening --
Miscellaneous information 6.
Title Clear writing --
Miscellaneous information 7.
Title Reading to some purpose --
Miscellaneous information Pt. 3.
Title Communication at Work --
Miscellaneous information 8.
Title Practical presentation skills --
Miscellaneous information 9.
Title Successful interviews --
Miscellaneous information 10.
Title Leading effective meetings --
Miscellaneous information 11.
Title Communicating in organizations --
-- Conclusion: Effective communication.
520 1# - SUMMARY, ETC.
Summary, etc. "In Effective Communication John Adair will tell you everything you need to know to enable you to use words to their maximum effectiveness in order to persuade and really be heard; train yourself to hear what other people are actually saying; construct your presentations and correspondence to get across what you want to say in the clearest manner; and improve your assimilation and understanding of the thousands of words you have to read every day."--BOOK JACKET.
650 #0 - SUBJECT ADDED ENTRY--TOPICAL TERM
Topical term or geographic name entry element Communication in management.
650 #0 - SUBJECT ADDED ENTRY--TOPICAL TERM
Topical term or geographic name entry element Communication in organizations.
910 ## - USER-OPTION DATA (OCLC)
User-option data 3500857
942 ## - ADDED ENTRY ELEMENTS (KOHA)
Source of classification or shelving scheme
Koha item type Book
Suppress in OPAC MW
Holdings
Withdrawn status Lost status Source of classification or shelving scheme Damaged status Not for loan Permanent Location Current Location Date acquired Total Checkouts Full call number Barcode Date last seen Date last checked out Price effective from Koha item type Public note
          AU LIBRARY AU LIBRARY 21.06.2021 1 HD30.3 .A33 2009 28003940 21.10.2021 19.10.2021 21.06.2021 Book MW

Powered by Koha